000 00677nam a2200181 a 4500
001 000032077
005 20200930063417.0
008 110712s1998 dr r 000 0 spa d
040 _aDO-SdBNP
_bspa
_cBNPHU
082 _axxxx
_bE92
245 0 0 _aEvaluación comparativa de los primeros dos años de gestión de los gobiernos dominicanos en las últimas dos decadas /
_crealización Melanio Paredes, Gertrudis de Espinal, Alberto Calderón.
260 _aSanto Domingo :
_b[s. n.],
_c1998.
300 _a49 p. ;
_c26 cm.
500 _aInventariado, 2018/BT
700 1 _aParedes, Melanio
_953516
700 1 _aEspinal, Gertrudis de
_958195
700 1 _aCalderón, Alberto
_958196
999 _c31568
_d31568